Magnetom gumy a biotechnológie
Nemecké firmy v chemickom a farmaceutickom priemysle na Slovensku. Megagumárne Continentalu. Investície v Púchove. Výrazný vklad nemeckých investorov do slovenského farmaceutického priemyslu.
Enregistré dans:
| Auteur principal: | |
|---|---|
| Format: | Chapitre de livre |
| Langue: | slovaque |
| Sujets: | |
| Tags: |
Pas de tags, Soyez le premier à ajouter un tag!
|
MARC
| LEADER | 00000naa a2200000 4500 | ||
|---|---|---|---|
| 001 | 0188829 | ||
| 005 | 20231113101438.2 | ||
| 041 | 0 | |a slo | |
| 044 | |a SK | ||
| 245 | 1 | 0 | |a Magnetom gumy a biotechnológie |c Ivan Haluza |
| 520 | |a Nemecké firmy v chemickom a farmaceutickom priemysle na Slovensku. Megagumárne Continentalu. Investície v Púchove. Výrazný vklad nemeckých investorov do slovenského farmaceutického priemyslu. | ||
| 610 | 2 | 0 | |a priemysel chemický |
| 610 | 2 | 0 | |a priemysel farmaceutický |
| 610 | 2 | 0 | |a guma |
| 610 | 2 | 0 | |a priemysel gumársky |
| 610 | 2 | 0 | |a firmy |
| 610 | 2 | 0 | |a tržby |
| 610 | 2 | 0 | |a zisk |
| 610 | 2 | 0 | |a investície zo zahraničia |
| 610 | 2 | 0 | |a biotechnológia |
| 610 | 2 | 0 | |a liečivá |
| 610 | 2 | 0 | |a Nemecko |
| 610 | 2 | 0 | |a Slovensko |
| 100 | 1 | |a Haluza, Ivan | |